[Event "34th Zalakaros Open 2015"]
[Site "Zalakaros HUN"]
[Date "2015.05.19"]
[Round "6.21"]
[White "Paszewski, Mateusz"]
[Black "Nemeth, Miklos1"]
[Result "1/2-1/2"]
[BlackTitle "IM"]
[WhiteElo "2200"]
[BlackElo "2478"]
[WhiteFideId "1141058"]
[BlackFideId "720232"]
[EventDate "2015.05.14"]
[EventType "swiss"]

1. c4 e5 2. g3 Nf6 3. Bg2 d5 4. cxd5 Nxd5 5. Nc3 Nb6 6. Nf3 Nc6 7. O-O Be7 8. a3
O-O 9. b4 Re8 10. d3 Bf8 11. Rb1 a5 12. b5 Nd4 13. Nd2 c6 14. bxc6 Nxc6 15. Qb3
Ra6 16. Nb5 Be6 17. Qc2 Qd7 18. Ne4 Nd4 19. Nxd4 exd4 20. Nc5 Qc7 21. Rb5 Bd6
22. Bf4 Bxf4 23. gxf4 Nd7 24. Rc1 Nxc5 25. Qxc5 Qxf4 26. Rxb7 h6 27. Qc7 Qg5 28.
Kf1 Bd5 29. Bxd5 Qxd5 30. f3 Rf6 31. Rb8 Rxb8 32. Qxb8+ Kh7 33. Rc4 Rf5 34. Qb6
Rf4 35. Qc5 Qd7 36. Kg2 Qe6 37. Kg3 Qe3 38. h4 g5 39. hxg5 hxg5 40. Rc1 Qxe2 41.
Rh1+ Kg6 42. Qc6+ Qe6 43. Qxe6+ fxe6 44. Rh8 Rf7 45. Kg4 Rf4+ 46. Kg3 Rf7 1/2-1/2

[Event "34th Zalakaros Open 2015"]
[Site "Zalakaros HUN"]
[Date "2015.05.19"]
[Round "6.22"]
[White "Czebe, Attila"]
[Black "Kozak, Adam"]
[Result "1-0"]
[WhiteTitle "GM"]
[BlackTitle "FM"]
[WhiteElo "2474"]
[BlackElo "2341"]
[WhiteFideId "705268"]
[BlackFideId "753246"]
[EventDate "2015.05.14"]
[EventType "swiss"]

1. Nf3 d5 2. b3 c6 3. Bb2 Bg4 4. e3 Nd7 5. h3 Bh5 6. d3 Ngf6 7. Nbd2 e6 8. Qe2
Bxf3 9. Nxf3 Qa5+ 10. c3 Ba3 11. Qc2 Bxb2 12. Qxb2 O-O 13. Be2 e5 14. O-O Rfe8
15. d4 exd4 16. cxd4 Ne4 17. b4 Qb6 18. a4 a5 19. b5 c5 20. dxc5 Ndxc5 21. Nd4
Rac8 22. Bg4 Rc7 23. Nf5 Qg6 24. f3 Nd6 25. b6 Rc6 26. Nd4 Nc4 27. Qb5 Nxb6 28.
Nxc6 Qxc6 29. e4 Qxb5 30. axb5 dxe4 31. fxe4 Nb3 32. Ra3 a4 33. Bd1 Nd2 34. Re1
Ndc4 35. Ra2 Ra8 36. e5 Kf8 37. Re4 Re8 38. Rae2 Ra8 39. Ra2 Re8 40. Bxa4 Nxe5
41. Bb3 Nbd7 42. Rc2 b6 43. Rc7 Nc5 44. Re3 f6 45. Rg3 Ncd7 46. Bd5 Ke7 47. Bc6
g5 48. Bxd7 Nxd7 49. Re3+ 1-0

[Event "34th Zalakaros Open 2015"]
[Site "Zalakaros HUN"]
[Date "2015.05.19"]
[Round "6.23"]
[White "Mesaros, Florian"]
[Black "Torma, Robert"]
[Result "1/2-1/2"]
[WhiteTitle "FM"]
[BlackTitle "IM"]
[WhiteElo "2390"]
[BlackElo "2440"]
[WhiteFideId "1629220"]
[BlackFideId "719030"]
[EventDate "2015.05.14"]
[EventType "swiss"]

1. Nf3 d5 2. d4 Nf6 3. c4 e6 4. Nc3 Bb4 5. Bg5 c5 6. Bxf6 Qxf6 7. cxd5 exd5 8.
a3 Bxc3+ 9. bxc3 O-O 10. g3 Nc6 11. Bg2 Bf5 12. O-O Be4 13. e3 Qd6 14. Nh4 Bxg2
15. Nxg2 c4 16. Nf4 f5 17. h4 b5 18. Qf3 Rad8 19. h5 Rf7 20. Rfb1 a6 21. Nh3 Na5
22. Ra2 Nb3 23. Qf4 a5 24. Qxd6 Rxd6 25. Kg2 Rh6 26. Nf4 Rd7 27. Kf3 Kf7 28. g4
fxg4+ 29. Kxg4 Rb6 30. f3 b4 31. axb4 axb4 32. cxb4 Rxb4 33. Ne2 Rb6 34. Nc3 Re6
35. Kf4 g5+ 36. hxg6+ Rxg6 37. Rh1 Kg7 38. Ke5 h5 39. f4 Re7+ 40. Kxd5 Rxe3 41.
Ne4 Rd3 42. f5 Rb6 43. f6+ Kh6 44. Ra8 Rxd4+ 45. Ke5 Rxe4+ 46. Kxe4 Rxf6 47.
Rh8+ Kg7 48. R8xh5 Nd2+ 49. Ke3 Nf1+ 50. Kd4 Nd2 51. Kc3 Ne4+ 52. Kxc4 Nd6+ 53.
Kd5 Nf7 54. Kc5 Kg6 55. Rd5 Rf5 56. Rg1+ Kf6 57. Rxf5+ Kxf5 58. Kd5 Kf6 59. Rg2
Ke7 60. Rg6 Kd7 61. Rf6 Nd8 62. Ra6 Ke7 63. Ke5 Nf7+ 64. Kd5 Nd8 65. Ke4 Nf7 66.
Rb6 Nd6+ 67. Kd5 Nf7 68. Rb7+ Kf6 69. Ra7 Nd8 70. Kd6 Nf7+ 71. Kd7 Ne5+ 72. Ke8
Ke6 73. Ra6+ Kd5 74. Ke7 Nc6+ 75. Kf7 Ne5+ 76. Kf6 Nd7+ 77. Kf5 Nc5 78. Ra1 Kd4
79. Kf4 Nd3+ 80. Kf5 Kd5 81. Ra8 Kd4 82. Rd8+ Ke3 83. Kg4 Ke4 84. Re8+ Kd5 85.
Kf5 Kd4 86. Re4+ Kd5 87. Re8 Kd4 88. Rd8+ Ke3 89. Rd7 Nc5 90. Rd8 Nd3 91. Ke6
Nf4+ 92. Ke5 Nd3+ 93. Kd5 Nf4+ 94. Kc4 Ke4 95. Re8+ Kf5 96. Re1 Ne6 97. Kd5 1/2-1/2

[Event "34th Zalakaros Open 2015"]
[Site "Zalakaros HUN"]
[Date "2015.05.19"]
[Round "6.24"]
[White "Mokal, Amruta Sunil"]
[Black "Sagar, Shah"]
[Result "0-1"]
[BlackTitle "IM"]
[WhiteElo "2130"]
[BlackElo "2436"]
[WhiteFideId "5016371"]
[BlackFideId "5022509"]
[EventDate "2015.05.14"]
[EventType "swiss"]

1. e4 g6 2. d4 Bg7 3. Nc3 d5 4. exd5 Nf6 5. Bc4 Nbd7 6. Qf3 Nb6 7. Bb3 Bg4 8.
Qg3 Bf5 9. Nf3 a5 10. a4 Nbxd5 11. Nxd5 Nxd5 12. O-O O-O 13. Bg5 h6 14. Bd2 Nf6
15. Nh4 Ne4 16. Qe3 Bxd4 17. Qe2 Nxd2 18. Qxd2 Bxb2 19. Qxh6 Bg7 20. Qg5 Bxa1
21. Nxf5 e6 22. Ne7+ Kg7 23. Bxe6 Rh8 24. Rxa1 Rh5 25. Nf5+ Kf8 26. Qg4 fxe6 27.
Qxg6 Rxf5 28. Qh6+ Ke7 29. Re1 Qg8 30. Qh4+ Kf7 31. Qc4 Re8 32. Qxc7+ Re7 33.
Qc4 Qg5 34. g3 Qd2 35. Re2 Qd1+ 0-1

[Event "34th Zalakaros Open 2015"]
[Site "Zalakaros HUN"]
[Date "2015.05.19"]
[Round "6.25"]
[White "Korpa, Bence"]
[Black "Farkas, Richard"]
[Result "1-0"]
[WhiteTitle "IM"]
[WhiteElo "2435"]
[BlackElo "2265"]
[WhiteFideId "706671"]
[BlackFideId "703850"]
[EventDate "2015.05.14"]
[EventType "swiss"]

1. c4 c5 2. Nf3 Nc6 3. Nc3 g6 4. e3 Nf6 5. d4 cxd4 6. exd4 d5 7. cxd5 Nxd5 8.
Qb3 Nxc3 9. Bc4 Nd5 10. Bxd5 e6 11. Bxc6+ bxc6 12. O-O Qd5 13. Qe3 f6 14. Bd2
Bd6 15. Qh6 Kf7 16. Rfe1 Bb7 17. Rad1 Qh5 18. Qxh5 gxh5 19. Rc1 Rhg8 20. Re3
Rab8 21. Rb3 Ba8 22. Rxb8 Rxb8 23. b3 Rb5 24. Be3 Bb7 25. Nd2 Rd5 26. Ne4 Be7
27. f3 Bd8 28. Kf2 Bb6 29. Rc4 Kg6 30. Nc3 Rd6 31. Ra4 Bc8 32. h4 Bd7 33. Rc4
Be8 34. Ke2 Kg7 35. Na4 Ba5 36. Bd2 Bb6 37. Bb4 Rd7 38. Bc5 Bd8 39. Nc3 Bf7 40.
Ra4 Bb6 41. Ra6 Bxc5 42. dxc5 Rc7 43. Ne4 e5 44. Nd6 Kf8 45. Ra4 Bd5 46. Rb4 Ke7
47. Rb8 Bf7 48. f4 exf4 49. Kf3 Bg6 50. Kxf4 Ke6 51. Rd8 Bb1 52. a3 Bc2 53. b4
Rg7 54. Kf3 a6 55. Nc4 f5 56. Rd6+ Ke7 57. g3 Be4+ 58. Kf2 Rg6 59. Rxg6 hxg6 60.
Ke3 Ke6 61. Kd4 Kf6 62. Nd6 Bg2 63. Ne8+ Ke7 64. Nc7 Kd7 65. Nxa6 Bf1 66. b5
Bxb5 67. Nb4 Ke6 68. Nc2 Kf6 69. Ne3 Ke6 70. Ng2 Kf6 71. Nf4 Ba4 72. Ke3 Bd1 73.
Nd3 g5 74. hxg5+ Kxg5 75. Nb2 Bb3 76. Nd3 Ba4 77. Ne5 Kf6 78. Kf4 Ke6 79. Nc4
Bb5 80. Nb6 Ba6 81. a4 Bd3 82. a5 Ke7 83. Ke5 Kd8 84. Na4 Kc7 85. Nc3 Bc4 86.
Kxf5 Kb7 87. Ke5 Bf1 88. Kd6 Bg2 89. Na2 Ka6 90. Nb4+ Kxa5 91. Nxc6+ Kb5 92. Ne5
Kb4 93. Nd3+ Kb5 94. Nf4 Bf3 95. Nd5 Kc4 96. Nf4 Kd4 97. c6 Bxc6 98. Kxc6 Ke4
99. Nxh5 Kf3 100. Kd5 Kg4 101. Ke4 Kxh5 102. Kf5 Kh6 103. g4 Kh7 104. Kf6 Kh6
105. g5+ Kh7 106. Kf7 Kh8 107. Kg6 Kg8 108. Kh6 1-0

[Event "34th Zalakaros Open 2015"]
[Site "Zalakaros HUN"]
[Date "2015.05.19"]
[Round "6.26"]
[White "Gulamali, Kazim"]
[Black "Csonka, Balazs"]
[Result "1/2-1/2"]
[WhiteTitle "FM"]
[BlackTitle "FM"]
[WhiteElo "2309"]
[BlackElo "2433"]
[WhiteFideId "2024764"]
[BlackFideId "742910"]
[EventDate "2015.05.14"]
[EventType "swiss"]

1. e4 e5 2. Nf3 Nc6 3. Bb5 Nf6 4. d3 Bc5 5. O-O d6 6. Nbd2 O-O 7. Bxc6 bxc6 8.
h3 Re8 9. Re1 h6 10. b3 Nh5 11. c3 Qf6 12. b4 Bb6 13. Nc4 Be6 14. Nxb6 axb6 15.
a4 Nf4 16. Bxf4 Qxf4 17. c4 Ra7 18. Re3 Rea8 19. Nd2 Qf6 20. Qc2 Qe7 21. Ree1
Qg5 22. Nf3 Qg6 23. Kh2 Qf6 24. Re3 c5 25. b5 Bd7 26. Qb3 g5 27. Kg1 Qg6 28. Nd2
Kh7 29. Ra2 h5 30. f3 Kg7 31. Nf1 Rh8 32. Qd1 f6 33. Ng3 Raa8 34. Qe1 g4 35. h4
Rhf8 36. a5 Rxa5 37. Rxa5 bxa5 38. Qxa5 Qh6 39. Kf2 gxf3 40. Qxc7 Rf7 41. gxf3
Kh7 42. Nf5 Qf4 43. b6 Be6 44. Qxf7+ Bxf7 45. Nxd6 Be6 46. b7 Qh2+ 47. Ke1 Qg1+
48. Kd2 Qb1 49. Nb5 Qb2+ 50. Ke1 Bh3 51. b8=Q Qc1+ 52. Ke2 Qc2+ 53. Ke1 Qc1+ 1/2-1/2

[Event "34th Zalakaros Open 2015"]
[Site "Zalakaros HUN"]
[Date "2015.05.19"]
[Round "6.27"]
[White "Reznak, Attila"]
[Black "Schreiner, Peter"]
[Result "1-0"]
[BlackTitle "IM"]
[WhiteElo "2304"]
[BlackElo "2449"]
[WhiteFideId "727407"]
[BlackFideId "1621645"]
[EventDate "2015.05.14"]
[EventType "swiss"]

1. e4 e5 2. Nf3 Nc6 3. Nc3 g6 4. d4 exd4 5. Nxd4 Bg7 6. Nxc6 bxc6 7. Bc4 Ne7 8.
O-O O-O 9. Be3 d6 10. Bd4 c5 11. Bxg7 Kxg7 12. Qe2 Nc6 13. Nd5 Rb8 14. c3 Re8
15. Qc2 f5 16. Bd3 c4 17. Bxc4 fxe4 18. Ne3 Ne5 19. Qxe4 Rxb2 20. Rab1 Rb6 21.
Rbd1 Bb7 22. Bd5 c6 23. Bb3 d5 24. Qd4 Qf6 25. Qa4 Ba6 26. Nxd5 cxd5 27. Qxe8
Bxf1 28. Rxf1 Rc6 29. Qb8 Qe7 30. Bxd5 Rxc3 31. h3 Rc2 32. Rb1 Kh6 33. Qb3 Qc5
34. Qe3+ Qxe3 35. fxe3 Kg5 36. Rb4 Rd2 37. Bb3 Re2 38. Re4 Kf6 39. Rf4+ Ke7 40.
Ra4 h5 41. e4 h4 42. Kf1 Rb2 43. Rxa7+ Kd6 44. Ra5 Nd7 45. e5+ Kc6 46. e6 Nf6
47. e7 Rb1+ 48. Kf2 Rb2+ 49. Kf3 1-0

[Event "34th Zalakaros Open 2015"]
[Site "Zalakaros HUN"]
[Date "2015.05.19"]
[Round "6.28"]
[White "Meszaros, Tamas"]
[Black "Marosi, Levente"]
[Result "1-0"]
[WhiteTitle "IM"]
[BlackTitle "FM"]
[WhiteElo "2421"]
[BlackElo "2153"]
[WhiteFideId "717410"]
[BlackFideId "747181"]
[EventDate "2015.05.14"]
[EventType "swiss"]

1. e4 c5 2. Nf3 d6 3. d4 cxd4 4. Nxd4 Nf6 5. Nc3 a6 6. Bg5 Nbd7 7. Bc4 Qb6 8.
Bb3 e6 9. Qd2 Be7 10. O-O-O O-O 11. Rhe1 Nc5 12. Kb1 Qc7 13. f4 h6 14. h4 b5 15.
e5 dxe5 16. fxe5 Ne8 17. Bxe7 Qxe7 18. Ne4 Nxb3 19. Nxb3 Qxh4 20. Qb4 Qh5 21.
Na5 Nc7 22. Qd6 Nd5 23. Nc5 Qg5 24. Nc6 Re8 25. Ne4 Qg4 26. Rd4 Qh5 27. Nc5 Qg5
28. Ne4 Qh5 29. Nc5 Qg5 30. a3 a5 31. g4 Kh8 32. Rf1 Qg6 33. Rd3 b4 34. Rdf3 Ba6
35. Nxa6 Rxa6 36. Ne7 Rxe7 37. Qxa6 bxa3 38. Rxa3 Qxg4 39. Rxa5 Qb4 40. Qc8+ Kh7
41. Qc5 Qe4 42. Ra7 Rxa7 43. Qxa7 Ne3 44. Rc1 Nc4 45. Qd7 Nxe5 46. Qd2 f5 47.
Qc3 Nf3 48. Rd1 e5 49. Rf1 Nd4 50. Re1 Qd5 51. Rd1 Qg2 52. Qd3 Qg4 53. Rf1 Qg2
54. Re1 Qh2 55. c3 Qh4 56. Rf1 Nb3 57. Qxf5+ Kh8 58. Qf8+ Kh7 59. Qf5+ Kh8 60.
Rd1 e4 61. Qf8+ Kh7 62. Qf5+ Kh8 63. Ka2 e3 64. Kxb3 e2 65. Rd7 1-0

[Event "34th Zalakaros Open 2015"]
[Site "Zalakaros HUN"]
[Date "2015.05.19"]
[Round "6.29"]
[White "Rigo, Janos"]
[Black "Nagy, Gabor1"]
[Result "0-1"]
[WhiteTitle "IM"]
[BlackTitle "IM"]
[WhiteElo "2264"]
[BlackElo "2396"]
[WhiteFideId "700371"]
[BlackFideId "737119"]
[EventDate "2015.05.14"]
[EventType "swiss"]

1. e4 c5 2. Nf3 d6 3. Nc3 a6 4. d4 cxd4 5. Nxd4 Nf6 6. Bc4 e6 7. Bb3 Nc6 8. O-O
Be7 9. Kh1 O-O 10. f4 Nxd4 11. Qxd4 b5 12. f5 Kh8 13. fxe6 fxe6 14. Bg5 Qc7 15.
Rad1 Rb8 16. a3 a5 17. Bxf6 gxf6 18. Qd2 Qc5 19. Rf3 Qe5 20. Rg3 Bd7 21. Qd4
Qxd4 22. Rxd4 Rfc8 23. h4 Rc5 24. Rf3 Re5 25. Nd1 Bc6 26. Rf4 f5 27. Nf2 fxe4
28. Nxe4 d5 29. Ng3 Re1+ 30. Rf1 Rxf1+ 31. Nxf1 Bf6 32. Rf4 Bxb2 33. a4 Be5 34.
Rg4 bxa4 35. Bxa4 Bxa4 36. Rxa4 Rb1 37. Kg1 Ra1 0-1

[Event "34th Zalakaros Open 2015"]
[Site "Zalakaros HUN"]
[Date "2015.05.19"]
[Round "6.30"]
[White "Tantsiura, Maria"]
[Black "Ekdyshman, Mikhail"]
[Result "1/2-1/2"]
[WhiteTitle "WIM"]
[BlackTitle "IM"]
[WhiteElo "2262"]
[BlackElo "2362"]
[WhiteFideId "14124327"]
[BlackFideId "4149416"]
[EventDate "2015.05.14"]
[EventType "swiss"]

1. e4 c5 2. c3 d5 3. exd5 Qxd5 4. d4 Nf6 5. Na3 e6 6. Nb5 Na6 7. Be3 cxd4 8.
Qxd4 Qxd4 9. Bxd4 b6 10. a4 Nd7 11. a5 Kd8 12. Nf3 Bb7 13. Nd2 e5 14. Be3 Nc7
15. Rd1 bxa5 16. Nb3 Bc6 17. Nxc7 Kxc7 18. Nxa5 Be4 19. f3 Bg6 20. Bb5 Nb6 21.
O-O a6 22. Bc6 Rb8 23. Bxb6+ Kxb6 24. b4 Bf5 25. Bd7 Bc2 26. Rd2 Kc7 27. Nc6 Rb6
28. Nxe5 Bb3 29. Be8 Bd6 30. Bxf7 Bxe5 31. Bxb3 Bxc3 32. Rc1 Rc6 33. Rdc2 Bd4+
34. Kf1 Rxc2 35. Rxc2+ Kb6 36. Ba4 1/2-1/2

[Event "34th Zalakaros Open 2015"]
[Site "Zalakaros HUN"]
[Date "2015.05.19"]
[Round "6.31"]
[White "Morrison, Graham SCO"]
[Black "Baskin, Robert"]
[Result "1/2-1/2"]
[WhiteTitle "FM"]
[BlackTitle "FM"]
[WhiteElo "2351"]
[BlackElo "2333"]
[WhiteFideId "2400090"]
[BlackFideId "24662402"]
[EventDate "2015.05.14"]
[EventType "swiss"]

1. d4 Nf6 2. c4 g6 3. Nf3 Bg7 4. g3 c5 5. Bg2 cxd4 6. Nxd4 O-O 7. O-O d5 8. cxd5
Nxd5 9. Nc3 Nxc3 10. bxc3 Qa5 11. Qb3 Nc6 12. Be3 Qa6 13. Rab1 Nxd4 14. Bxd4
Bxd4 15. cxd4 Qxe2 1/2-1/2

[Event "34th Zalakaros Open 2015"]
[Site "Zalakaros HUN"]
[Date "2015.05.19"]
[Round "6.32"]
[White "Dankhazi, Andras"]
[Black "Schachinger, Mario"]
[Result "1/2-1/2"]
[WhiteTitle "FM"]
[BlackTitle "IM"]
[WhiteElo "2223"]
[BlackElo "2421"]
[WhiteFideId "714267"]
[BlackFideId "1616773"]
[EventDate "2015.05.14"]
[EventType "swiss"]

1. e4 c5 2. Nf3 d6 3. Bb5+ Nd7 4. d4 cxd4 5. Qxd4 a6 6. Bxd7+ Bxd7 7. c4 e5 8.
Qd3 h6 9. Nc3 Nf6 10. O-O Be7 11. Rd1 O-O 12. Nd2 Rc8 13. Nf1 Qc7 14. Ne3 Be6
15. Ncd5 Nxd5 16. Nxd5 Bxd5 17. Qxd5 Qxc4 18. Qxb7 Rc7 19. Qd5 Qxd5 20. Rxd5
Rfc8 21. Bd2 Rc2 22. Bc3 Rc6 23. Rad1 Bd8 24. Kf1 Bb6 25. R5d2 Rxd2 26. Rxd2 Kf8
27. Ke2 Ke7 28. f3 Ke6 29. g4 g6 30. Kd3 d5 31. Rc2 f5 32. gxf5+ gxf5 33. Rg2
dxe4+ 34. fxe4 Rd6+ 35. Ke2 fxe4 36. Rg6+ Kd5 37. Rxd6+ Kxd6 38. Bd2 h5 39. b3
Bd4 40. Bb4+ Kd5 41. Bd2 Bg1 42. h3 Kd4 43. Ba5 Bh2 44. Kd2 Bf4+ 45. Ke2 Bc1 46.
a4 e3 47. b4 Bd2 48. Bb6+ Kc4 49. b5 axb5 50. axb5 Kxb5 51. Bc7 e4 52. Bd6 Kc4
53. Bc7 Kd5 54. Bg3 Kd4 55. Bf4 Bc1 56. Bg5 Ke5 57. Bd8 Kd6 58. Bg5 Ke6 59. Bd8
Kf5 60. Be7 Bd2 61. Bd8 Bb4 62. Kxe3 Bc5+ 63. Ke2 Bd4 64. Be7 Kf4 65. Bd6+ Be5
66. Be7 Bc7 67. Bh4 Bb6 68. Be1 Bd4 69. Bh4 Bc5 70. Be1 Be7 71. Bf2 Bd8 72. Be1
Bb6 73. Bh4 Ba5 74. Bf2 Bb4 75. Bh4 Bc3 76. Bf2 Bf6 77. Be1 Bg5 78. Bd2+ Kf5 79.
Be1 Bc1 80. Bg3 Bb2 81. Bh4 Kf4 82. Bf2 Ba3 83. Bh4 Bc5 84. Be1 e3 85. Bh4 Bb6
86. Be1 Bd8 87. Bf2 Bb6 88. Be1 Bd4 89. Bh4 Ke4 90. Bg3 Bf6 91. Bf2 Bg5 92. Bg1
Bh6 93. Bf2 Bf4 94. Bg1 h4 95. Bf2 Bg5 96. Bg1 Kf4 97. Bxe3+ Kg3 98. Bxg5 Kxh3
99. Kf2 Kg4 100. Bxh4 1/2-1/2

[Event "34th Zalakaros Open 2015"]
[Site "Zalakaros HUN"]
[Date "2015.05.19"]
[Round "6.33"]
[White "Nomin-Erdene, Davaademberel"]
[Black "Peczely, Sebastian Zsombor"]
[Result "0-1"]
[WhiteTitle "WFM"]
[WhiteElo "2337"]
[BlackElo "2260"]
[WhiteFideId "4900782"]
[BlackFideId "750964"]
[EventDate "2015.05.14"]
[EventType "swiss"]

1. e4 e5 2. Nf3 Nc6 3. Bb5 a6 4. Ba4 Nge7 5. O-O g6 6. c3 Bg7 7. d4 exd4 8. cxd4
b5 9. Bb3 O-O 10. Nc3 d6 11. h3 h6 12. Nd5 Na5 13. Nxe7+ Qxe7 14. Bc2 c5 15. Re1
Bb7 16. Bf4 Rfd8 17. Rc1 Qf6 18. Be3 Nc4 19. b3 Nxe3 20. fxe3 Qe7 21. d5 a5 22.
Bd3 b4 23. Nd2 Ba6 24. Bxa6 Rxa6 25. Rf1 a4 26. Qf3 axb3 27. axb3 Re8 28. Nc4
Ra7 29. Qf4 Bf8 30. Nd2 Bg7 31. Rcd1 Qe5 32. Qf3 Rd7 33. Rb1 Qe7 34. Nc4 Qxe4
35. Qxe4 Rxe4 36. Rf2 Rde7 37. Ra2 Rxc4 38. bxc4 Rxe3 39. Rc2 Re4 40. Rb3 Bc3
41. Rcxc3 bxc3 42. Rxc3 f5 43. Ra3 Kf7 44. Ra6 Rxc4 45. Rxd6 Rd4 46. Rd7+ Kf6
47. Rd6+ Ke5 48. Rxg6 Kxd5 49. Rxh6 c4 50. Rh8 c3 51. Rd8+ Ke4 52. Rc8 Kd3 53.
Kf2 c2 54. Ke1 Re4+ 0-1

[Event "34th Zalakaros Open 2015"]
[Site "Zalakaros HUN"]
[Date "2015.05.19"]
[Round "6.34"]
[White "Laza, Szabolcs"]
[Black "Kaczur, Florian"]
[Result "0-1"]
[WhiteElo "2176"]
[BlackElo "2336"]
[WhiteFideId "741345"]
[BlackFideId "705098"]
[EventDate "2015.05.14"]
[EventType "swiss"]

1. d4 Nf6 2. c4 e6 3. Nf3 b6 4. Bf4 Bb7 5. e3 Be7 6. h3 O-O 7. Nc3 d5 8. Be2 c5
9. O-O Nbd7 10. Rc1 cxd4 11. Qxd4 Bc5 12. Qd1 dxc4 13. Bxc4 a6 14. Qe2 b5 15.
Bb3 Qe7 16. Ne5 Nb6 17. Rfd1 Rac8 18. Nd3 Bd6 19. Bxd6 Qxd6 20. Nf4 Qe5 21. Nd3
Qf5 22. a3 Qg6 23. Ne1 Rc5 24. Rd6 Nc8 25. Rd4 Rg5 26. f4 Rh5 27. Kh2 e5 28.
fxe5 Rxe5 29. Rcd1 Qh6 30. R1d3 Rfe8 31. Nc2 Ne7 32. Rd8 Nf5 33. Rxe8+ Rxe8 34.
e4 g6 35. Bd5 Qf4+ 36. Kg1 Nxd5 37. Nxd5 Bxd5 38. Rxd5 Rxe4 39. Qd2 Qg3 40. Rd3
Qe5 41. Qc3 Qxc3 42. Rxc3 Re2 43. Kf1 Rxc2 0-1

[Event "34th Zalakaros Open 2015"]
[Site "Zalakaros HUN"]
[Date "2015.05.19"]
[Round "6.35"]
[White "Banas, Jan"]
[Black "Grimm, Daniel"]
[Result "1/2-1/2"]
[WhiteTitle "IM"]
[BlackTitle "FM"]
[WhiteElo "2281"]
[BlackElo "2255"]
[WhiteFideId "14900076"]
[BlackFideId "740080"]
[EventDate "2015.05.14"]
[EventType "swiss"]

1. c4 c6 2. Nf3 Nf6 3. d4 d5 4. Nbd2 Bf5 5. g3 h6 6. Bg2 e6 7. O-O Be7 8. b3
Nbd7 9. Bb2 Ne4 10. e3 O-O 11. Nxe4 Bxe4 12. Nd2 Bxg2 1/2-1/2

[Event "34th Zalakaros Open 2015"]
[Site "Zalakaros HUN"]
[Date "2015.05.19"]
[Round "6.36"]
[White "Warakomska, Anna"]
[Black "Bodi, Tibor"]
[Result "1-0"]
[WhiteTitle "WFM"]
[WhiteElo "2260"]
[BlackElo "2204"]
[WhiteFideId "1130790"]
[BlackFideId "701084"]
[EventDate "2015.05.14"]
[EventType "swiss"]

1. e4 Nf6 2. e5 Nd5 3. d4 d6 4. Nf3 Nb6 5. a4 a5 6. Nc3 Bg4 7. h3 Bd7 8. Bd3 g6
9. exd6 cxd6 10. Bg5 Bg7 11. O-O h6 12. Bd2 O-O 13. Nb5 Nc6 14. c4 Nb4 15. Bxb4
axb4 16. Qb3 Qc8 17. a5 Bxh3 18. gxh3 Qxh3 19. Nh2 Nd7 20. Bc2 Qxb3 21. Bxb3 Nb8
22. Ra4 Nc6 23. Rfa1 Nxd4 24. Nxd4 Bxd4 25. Rxb4 Bxb2 26. Ra2 Bc3 27. Rxb7 Bxa5
28. Rxe7 Rfb8 29. Bc2 Bb6 30. Rxa8 Rxa8 31. Ng4 Ra2 32. Be4 h5 33. Ne3 Ra7 34.
Rxa7 Bxa7 35. Nd5 f5 36. Bc2 Kg7 37. Kg2 Bc5 38. f3 Ba3 39. Kg3 Bc1 40. f4 Bd2
41. Ba4 Ba5 42. Be8 Bd8 43. Ne3 Bb6 44. Ng2 Kf6 45. Nh4 g5 46. fxg5+ Kxg5 47.
Nf3+ Kf6 48. Bxh5 Ke6 49. Ng5+ Ke5 50. Bf3 Bc7 51. Nf7+ Kd4 52. Bd5 Kc5 53. Kf4
Ba5 54. Kxf5 Be1 55. Ke6 Bg3 56. Kd7 Bf2 57. Nxd6 Kb6 58. Ne4 Bg1 59. Bf7 Be3
60. Kd6 Bg1 61. c5+ Bxc5+ 62. Nxc5 Kb5 63. Kd5 Kb4 64. Kd4 Kb5 65. Be8+ Kb4 66.
Bd7 Ka3 67. Kc3 Ka2 68. Nd3 Kb1 69. Nb4 Ka1 70. Be6 Kb1 71. Nc2 Kc1 72. Ba2 Kd1
73. Nd4 Ke1 74. Kd3 Kf2 75. Ne2 Kg2 76. Be6 Kf2 77. Bd5 Ke1 78. Ke3 Kd1 79. Bb3+
Ke1 80. Nf4 Kf1 81. Ba4 Ke1 82. Ng2+ Kf1 83. Kf3 Kg1 84. Kg3 1-0

[Event "34th Zalakaros Open 2015"]
[Site "Zalakaros HUN"]
[Date "2015.05.19"]
[Round "6.37"]
[White "Juhasz, Armin"]
[Black "Nemeth, Zoltan"]
[Result "1/2-1/2"]
[WhiteTitle "FM"]
[BlackTitle "IM"]
[WhiteElo "2303"]
[BlackElo "2306"]
[WhiteFideId "724270"]
[BlackFideId "700657"]
[EventDate "2015.05.14"]
[EventType "swiss"]

1. d4 d6 2. Nf3 Nd7 3. c4 g6 4. e4 Bg7 5. Nc3 e5 6. Be2 exd4 7. Nxd4 Ne7 8. O-O
Nc6 9. Be3 O-O 10. Rc1 Re8 11. Qd2 Nxd4 12. Bxd4 Bxd4 13. Qxd4 Qf6 14. Qd2 Nc5
15. Bf3 Be6 16. Nb5 Qd8 17. Rfe1 a6 18. Nd4 Qf6 19. b4 Nd7 20. Nxe6 Qxe6 21. e5
dxe5 22. Bxb7 Rad8 23. Qc3 Nf6 24. a4 e4 25. b5 axb5 26. cxb5 Re7 27. a5 Qf5 28.
Qc5 Re5 29. Qxc7 Rd2 30. Qc8+ Kg7 31. Qxf5 Rxf5 32. Rf1 Rxb5 33. a6 Ra5 34. Ra1
Rda2 35. Rxa2 Rxa2 36. h3 Nd7 37. Rb1 f5 38. Rd1 Nc5 39. Rd6 f4 40. Rc6 Ra1+ 41.
Kh2 Nxb7 42. axb7 Rb1 43. Re6 Rxb7 44. Rxe4 g5 45. g3 1/2-1/2

[Event "34th Zalakaros Open 2015"]
[Site "Zalakaros HUN"]
[Date "2015.05.19"]
[Round "6.38"]
[White "Boguszlavszkij, Jevgenyij"]
[Black "Papp, Petra"]
[Result "1/2-1/2"]
[WhiteTitle "IM"]
[BlackTitle "WGM"]
[WhiteElo "2216"]
[BlackElo "2297"]
[WhiteFideId "700614"]
[BlackFideId "739049"]
[EventDate "2015.05.14"]
[EventType "swiss"]

1. d4 Nf6 2. g3 g6 3. Bg2 d5 4. c3 Bg7 5. Nh3 O-O 6. O-O Re8 7. Nd2 e5 8. dxe5
Rxe5 9. Nf4 Re8 10. Qb3 c6 11. Re1 Nbd7 12. Nd3 Ne4 13. Nf3 Qe7 14. Be3 Ndf6 15.
Rad1 b6 16. Bd4 Bb7 17. e3 Rad8 18. Qa4 Ba8 19. Nd2 c5 20. Nxe4 dxe4 21. Bxf6
Bxf6 22. Nf4 Bg7 23. Bh3 g5 24. Ne2 Rd3 25. Nc1 Rxd1 26. Rxd1 Rd8 27. Rxd8+ Qxd8
28. Qd7 Qxd7 29. Bxd7 Bd5 30. a3 Kf8 31. Kf1 h5 32. Ba4 Ke7 33. Bd1 h4 34. Kg2
hxg3 35. hxg3 Kd6 36. Bb3 f5 37. Kf1 Bc6 38. Ke1 b5 39. Kd2 a5 40. Bf7 Ke7 41.
Bh5 a4 42. Bd1 Kd6 43. Kc2 Bd5 44. Be2 Bc6 45. Na2 c4 46. Nb4 Bd7 47. Kd2 Be5
48. Nc2 f4 49. gxf4 gxf4 50. Nd4 f3 51. Bd1 Kd5 1/2-1/2

[Event "34th Zalakaros Open 2015"]
[Site "Zalakaros HUN"]
[Date "2015.05.19"]
[Round "6.39"]
[White "Vegh, Endre"]
[Black "Csati, Oliver"]
[Result "1-0"]
[WhiteTitle "IM"]
[WhiteElo "2272"]
[BlackElo "2189"]
[WhiteFideId "700568"]
[BlackFideId "702170"]
[EventDate "2015.05.14"]
[EventType "swiss"]

1. d4 g6 2. c4 Bg7 3. e4 Nc6 4. Nf3 e5 5. Bg5 f6 6. Be3 d6 7. d5 Nce7 8. c5 Nh6
9. Qa4+ Bd7 10. Qb3 f5 11. cxd6 cxd6 12. Nc3 fxe4 13. Nxe4 Qa5+ 14. Bd2 Qxd5 15.
Qxd5 Nxd5 16. Nxd6+ Ke7 17. Nxb7 Nf4 18. Bb4+ Kf6 19. Rd1 Be6 20. Bc3 Nf7 21.
Nc5 Bd5 22. Nd3 Nxd3+ 23. Bxd3 Bxa2 24. Be4 Rad8 25. Ra1 Bb3 26. Ra6+ Ke7 27.
Bb4+ Nd6 28. Nd2 Be6 29. O-O Bf8 30. Rc1 Kf6 31. Bb1 Bd5 32. Be4 Be6 33. Bf3 Kf5
34. h3 h5 35. Rcc6 Bc8 36. Rxa7 Bb7 37. Rxb7 Nxb7 38. Be4+ Kf4 39. g3+ 1-0